000
00402nam a2200133Ia 4500
008
151001s9999||||xx |||||||||||||| ||und||
100
_a
हिराकांत कलगुटकर
245
_a
संसार हा सुखाचा
250
_a
1
260
_b
मॅजेस्टीक प्रकाशन मुंबई
260
_c
1971
300
_a
97
365
_b
18
999
_c
981668
_d
981665